DMZ (Zone demilitarizzate) - Statistics

Statistiche generali
  • Questo quiz è stato fatto 9 volte
  • Il punteggio medio è 2 su 8
Statistiche sulle risposte
Continente Nome % Corretto
Africa [De facto Spagna - De iure Spagna o Marocco] barriere di separazione di Ceuta e Melilla
67%
Europa [Spagna e Regno Unito] La Recinzione di Gibilterra
67%
De facto Asia - De iure Europa e/o Asia [ONU] Linea Verde di Cipro
33%
Europa [Finlandia, di sua proprietà] Isole Åland
17%
Europa [NATO, confinante con il Kosovo e in Serbia] Ground Safety Zone
0%
Asia [ONU] Hudud al- 'Iraq-al-Kuwayt
0%
Asia [ONU, Corea del Nord e Corea del Sud] linea di demarcazione militare coreana
0%
Asia [ONU] zona UNDOF
0%
Nessun quiz corrispondente trovato
Distribuzione punteggi
Percentuale di utenti per punteggio
Percentile per numero di risposta
I tuoi punteggi nel tempo
Non hai fatto questo quiz